UK Towns Quiz - Warwickshire - Extreme - Statistics

General Stats
  • This quiz has been taken 105 times
  • The average score is 16 of 67
Answer Stats
Clue Population Name of Town % Correct
N 88,813 Nuneaton
98%
W 36,665 Warwick
98%
R 78,117 Rugby
89%
R 51,323 Royal Leamington Spa
88%
S 28,126 Stratford-upon-Avon
82%
K 22,230 Kenilworth
79%
B 31,090 Bedworth
59%
S 8,114 Southam
48%
A 8,667 Atherstone
44%
A 6,421 Alcester
42%
H 3,000 Henley-in-Arden
38%
C 6,744 Coleshill
35%
P 7,556 Polesworth
35%
P 1,955 Polesworth North
35%
W 7,020 Wellesbourne
35%
B 5,668 Bulkington
29%
H 1,952 Hatton
29%
K 2,234 Kineton
27%
R 1,829 Ryton-on-dunsmore
27%
S 5,849 Shipston-on-Stour
26%
B 5,821 Bidford-on-Avon
24%
N 1,665 New Arley
24%
B 2,529 Bishops Itchington
23%
L 2,499 Long Itchington
23%
K 3,551 Kingsbury
21%
W 8,915 Whitnash
21%
D 2,603 Dunchurch
20%
H 1,637 Hampton Magna
20%
B 1,428 Barford
18%
R 2,298 Radford Semele
18%
H 2,748 Harbury
17%
W 3,487 Water Orton
17%
C 1,309 Claverdon
15%
H 2,823 Hartshill
15%
S 6,047 Studley
15%
W 1,694 Welford-on-Avon
15%
B 2,568 Binley Woods
14%
B 1,120 Brinklow
14%
L 4,367 Long Lawford
14%
S 1,175 Stretton-on-Dunsmore
14%
C 3,891 Cubbington
12%
W 2,692 Wolston
12%
B 2,085 Bishops Tachbrook
11%
C 1,218 Clifton upon Dunsmore
11%
L 1,692 Lower Quinton
11%
K 3,631 Keresley Newlands
9%
N 1,063 Napton on the Hill
9%
S 1,053 Snitterfield
9%
A 1,045 Ansley
8%
B 1,285 Baddesley Ensor
8%
B 1,556 Burton Green
8%
C 1,146 Curdworth
8%
S 1,505 Stockton
8%
T 1,686 Tiddington
8%
C 6,475 Cawston
6%
E 1,064 Ettington
6%
M 2,686 Mancetter
6%
A 1,142 Austrey
5%
G 2,428 Grendon
5%
K 1,195 Kingswood
5%
W 1,475 Warton
5%
W 1,563 Wood End
5%
A 2,560 Ash Green
3%
B 2,068 Bermuda
3%
H 2,290 Hawkesbury
3%
H 1,417 Hurley
3%
M 1,413 Meon Vale
3%
No matching quizzes found
Score Distribution
Percent of People with Each Score
Percentile by Number Answered
Your Score History
You have not taken this quiz